[Event "Open ASR"]
[Site "Roma ITA"]
[Date "2011.09.29"]
[Round "3"]
[White "Tosi, Francesco"]
[Black "Elia, Alessio"]
[Result "1-0"]
[WhiteElo "1910"]
[BlackElo "1894"]
[PlyCount "111"]
[EventDate "2011.09.15"]

1. e4 d6 2. d4 Nf6 3. Nc3 g6 4. Bg5 Bg7 5. Qd2 c6 6. f4 h6 7. Bh4 b5 8. Bd3 Qb6
9. e5 dxe5 10. dxe5 Nfd7 11. e6 Nc5 12. exf7+ Kxf7 13. Nf3 Nxd3+ 14. cxd3 Bf6
15. Bf2 Qa5 16. O-O Bf5 17. Ne5+ Kg7 18. g4 Be6 19. Qe3 b4 20. Ne2 Bxe5 21.
fxe5 Bxg4 22. Ng3 Qd5 23. Rfe1 Bf3 24. a3 h5 25. Qg5 Qf7 26. h4 Rf8 27. axb4
Bd5 28. Be3 Rh8 29. Rf1 Qe6 30. Nf5+ Kg8 31. Nxe7+ Kg7 32. Nxd5 cxd5 33. Rf6
Qg4+ 34. Qxg4 hxg4 35. Bg5 Nd7 36. Rd6 Nxe5 37. Bf6+ Kf7 38. Bxe5 Rxh4 39. Rf1+
Ke8 40. Rxg6 Rc8 41. Rg8+ Kd7 42. Rxc8 Kxc8 43. Rf7 Rh3 44. d4 Rb3 45. Rxa7
Rxb4 46. Rc7+ Kd8 47. Rc2 Kd7 48. Rf2 Kc6 49. Rc2+ Kd7 50. Kg2 Rb3 51. Bg3 Ke6
52. Re2+ Kf6 53. Be1 Rf3 54. Rf2 Rf5 55. Kg3 Ke6 56. Kxg4 1-0

[Event "Open ASR"]
[Site "Roma ITA"]
[Date "2011.09.29"]
[Round "3"]
[White "Vuelban, Virgilio"]
[Black "Quimi, Marco"]
[Result "1-0"]
[WhiteElo "2353"]
[BlackElo "2188"]
[PlyCount "43"]
[EventDate "2011.09.15"]

1. c4 e5 2. Nc3 Nf6 3. d3 Bb4 4. Bd2 O-O 5. Nf3 Nc6 6. e3 d5 7. cxd5 Nxd5 8.
Be2 Be6 9. O-O f6 10. Rc1 Qd7 11. Qc2 Rfd8 12. Rfd1 Qf7 13. Qb1 Nxc3 14. bxc3
Bxa2 15. Qb2 e4 16. dxe4 Ba5 17. c4 Bxd2 18. Nxd2 a5 19. Qxa2 Nb4 20. Qa4 c5
21. Nb1 Qe6 22. Rxd8+ 1-0

[Event "Open ASR"]
[Site "Roma ITA"]
[Date "2011.09.29"]
[Round "3"]
[White "Wollenweber, Carsten"]
[Black "Dietrich, Stefano"]
[Result "1-0"]
[WhiteElo "2112"]
[BlackElo "1880"]
[PlyCount "67"]
[EventDate "2011.09.15"]

1. e4 c5 2. Nf3 Nc6 3. d4 cxd4 4. Nxd4 Nf6 5. Nc3 e5 6. Ndb5 d6 7. Bg5 a6 8.
Na3 b5 9. Nd5 Be7 10. Nxe7 Nxe7 11. Qf3 Bg4 12. Qg3 Be6 13. f3 h6 14. Be3 g5
15. c4 b4 16. Nc2 Rb8 17. b3 Nh5 18. Qf2 f5 19. O-O-O fxe4 20. Bc5 Qa5 21. Bxd6
Rd8 22. Kb2 Nf6 23. Nxb4 e3 24. Qe1 Nf5 25. c5 Nd4 26. Qxe3 Qxb4 27. Qxe5 Kf7
28. Rxd4 Qb7 29. Qe1 Rhe8 30. Qa5 Bc8 31. Bc4+ Kg7 32. Qc3 Be6 33. Rhd1 Bxc4
34. Qxc4 1-0

[Event "Open ASR"]
[Site "Roma ITA"]
[Date "2011.09.29"]
[Round "4"]
[White "Condemi De Felice, Alfonso"]
[Black "Di Dario, Dario"]
[Result "1-0"]
[WhiteElo "1878"]
[BlackElo "1713"]
[PlyCount "95"]
[EventDate "2011.09.15"]

1. d4 f5 2. Nf3 e6 3. c4 Nf6 4. Bg5 b6 5. Nc3 Bb4 6. Qb3 Bxc3+ 7. Qxc3 O-O 8.
Bxf6 Qxf6 9. O-O-O Bb7 10. e3 a5 11. Bd3 Na6 12. a3 d6 13. Rhe1 c5 14. d5 Qxc3+
15. bxc3 exd5 16. cxd5 Nc7 17. c4 a4 18. Kc2 Ba6 19. e4 fxe4 20. Rxe4 b5 21.
Re7 bxc4 22. Bxh7+ Kxh7 23. Rxc7 Rae8 24. Rc6 Bc8 25. Rxd6 Bf5+ 26. Kc3 Bd3 27.
Ng5+ Kg8 28. Rd2 Rf5 29. Ne6 Rf7 30. Nxc5 Bf1 31. Re6 Rc8 32. Rc6 Rb8 33. d6
Bxg2 34. Rc7 Rf3+ 35. Kxc4 Bf1+ 36. Kd4 Rxa3 37. d7 Bh3 38. Re2 Rb4+ 39. Ke5
Kh7 40. d8=Q Rf3 41. Qg5 Rf5+ 42. Qxf5+ Bxf5 43. Kxf5 a3 44. Ree7 a2 45. Rxg7+
Kh8 46. Rh7+ Kg8 47. Rcg7+ Kf8 48. Ne6+ 1-0

[Event "Open ASR"]
[Site "Roma ITA"]
[Date "2011.09.29"]
[Round "4"]
[White "Dietrich, Stefano"]
[Black "Ricci, Stefano"]
[Result "1-0"]
[WhiteElo "1880"]
[BlackElo "1792"]
[PlyCount "66"]
[EventDate "2011.09.15"]

1. Nf3 f5 2. c4 Nf6 3. Nc3 e6 4. g3 c6 5. Bg2 d5 6. cxd5 cxd5 7. O-O a6 8. d4
Be7 9. Bf4 O-O 10. Rc1 Nc6 11. Ne5 Nxe5 12. Bxe5 Nd7 13. Bf4 g5 14. Bd2 Qe8 15.
f3 Qg6 16. e4 dxe4 17. fxe4 f4 18. gxf4 gxf4 19. Rxf4 Rxf4 20. Bxf4 Nf6 21. Qf3
Nh5 22. Be5 Bd7 23. Kh1 Rf8 24. Qe2 Bh4 25. Rf1 Bf6 26. Bxf6 Nxf6 27. e5 Ng4
28. Rxf8+ Kxf8 29. Bxb7 a5 30. Be4 Qg5 31. h3 Qc1+ 32. Kg2 Ne3+ 33. Kf2 Qxb2
1-0

[Event "Open ASR"]
[Site "Roma ITA"]
[Date "2011.09.29"]
[Round "4"]
[White "Dorascenzi, Angelo"]
[Black "Castellano, Lorenzo"]
[Result "0-1"]
[WhiteElo "1428"]
[BlackElo "1872"]
[PlyCount "68"]
[EventDate "2011.09.15"]

1. e4 c5 2. c3 Nf6 3. e5 Nd5 4. d4 cxd4 5. Nf3 Nc6 6. cxd4 d6 7. Nc3 Nxc3 8.
bxc3 dxe5 9. Bb5 Qb6 10. Qa4 a6 11. Bxc6+ Qxc6 12. Qxc6+ bxc6 13. Nxe5 Bf5 14.
O-O Rc8 15. Ba3 e6 16. Bxf8 Rxf8 17. Rfe1 f6 18. Nc4 Ke7 19. Re3 Rb8 20. Rae1
Kd7 21. h3 Rb1 22. g4 Rxe1+ 23. Rxe1 Bg6 24. Nb6+ Ke7 25. Na4 Kd6 26. Re2 e5
27. dxe5+ fxe5 28. Rd2+ Kc7 29. Nc5 Rf3 30. Ne6+ Kb6 31. Rb2+ Ka5 32. c4 Rxh3
33. Nxg7 Be4 34. Ne6 Rh1# 0-1

[Event "Open ASR"]
[Site "Roma ITA"]
[Date "2011.09.29"]
[Round "4"]
[White "Elia, Alessio"]
[Black "Andreozzi, Paolo"]
[Result "1-0"]
[WhiteElo "1894"]
[BlackElo "1720"]
[PlyCount "49"]
[EventDate "2011.09.15"]

1. d4 d5 2. Nf3 Nf6 3. e3 e6 4. Bd3 Bd6 5. Nbd2 O-O 6. O-O Nbd7 7. c3 c5 8. Qe2
a6 9. e4 Bf4 10. e5 Ne8 11. g3 Bh6 12. Nh4 f5 13. exf6 Qxf6 14. dxc5 Nxc5 15.
Bc2 e5 16. Nb3 Bxc1 17. Raxc1 b6 18. Nxc5 bxc5 19. Qd3 Bb7 20. Qxh7+ Kf7 21.
Qh5+ Ke6 22. Rce1 e4 23. f3 Qe5 24. Qxe5+ Kxe5 25. Ng6+ 1-0

[Event "Open ASR"]
[Site "Roma ITA"]
[Date "2011.09.29"]
[Round "4"]
[White "Fargnoli, Maurizio"]
[Black "Sinibaldi, Francesco"]
[Result "1-0"]
[WhiteElo "1660"]
[BlackElo "1413"]
[PlyCount "86"]
[EventDate "2011.09.15"]

1. e4 g6 2. Bc4 Bg7 3. f4 e6 4. Bb3 d6 5. Nf3 Nd7 6. c3 h6 7. O-O c6 8. a4 Ne7
9. d4 d5 10. Nbd2 Qc7 11. Ne5 O-O 12. Bc2 f5 13. exf5 Nxf5 14. Bxf5 Nxe5 15.
Bxe6+ Bxe6 16. fxe5 Rae8 17. b4 b6 18. a5 c5 19. axb6 axb6 20. bxc5 bxc5 21.
Nb3 Rxf1+ 22. Kxf1 Qf7+ 23. Kg1 cxd4 24. cxd4 Kh7 25. Nc5 Bf5 26. g4 Bc8 27.
Be3 h5 28. h3 Rf8 29. Kg2 Bh6 30. Bxh6 Kxh6 31. Qd2+ Qf4 32. Qxf4+ Rxf4 33. Ra8
Rf8 34. e6 Kg5 35. gxh5 gxh5 36. Kg3 h4+ 37. Kg2 Kg6 38. Nd7 Rg8 39. Kf3 Kf5
40. e7 Ke6 41. Nf8+ Kxe7 42. Rxc8 Rxf8+ 43. Rxf8 Kxf8 1-0

[Event "Open ASR"]
[Site "Roma ITA"]
[Date "2011.09.29"]
[Round "4"]
[White "Federici, Giacomo"]
[Black "Piatto, Maurizio"]
[Result "0-1"]
[WhiteElo "1236"]
[BlackElo "1522"]
[PlyCount "76"]
[EventDate "2011.09.15"]

1. d4 f5 2. c4 Nf6 3. Nc3 e6 4. Nf3 Be7 5. Bf4 O-O 6. e3 c6 7. Be2 d5 8. Qc2
Nbd7 9. c5 Nh5 10. Bg3 b6 11. b4 a5 12. bxa5 bxc5 13. Ne5 Nxg3 14. hxg3 Nxe5
15. dxe5 Qxa5 16. O-O d4 17. Nd1 Ba6 18. Bc4 Kf7 19. f4 Rfd8 20. Bxa6 Rxa6 21.
Qd3 dxe3 22. Qxe3 c4 23. Qf3 g6 24. Nc3 Rd3 25. Qe2 Qxc3 26. g4 Rd2 27. Qe1 Qc2
28. Rf2 Bc5 29. Kh1 Rxf2 30. Rc1 Qe4 31. Qxe4 fxe4 32. Rxc4 Ra5 33. Rxe4 Raxa2
34. Rc4 Rac2 35. Ra4 Ra2 36. Rc4 Ra1+ 37. Kh2 Be3 38. Rxc6 Bxf4+ 0-1

[Event "Open ASR"]
[Site "Roma ITA"]
[Date "2011.09.29"]
[Round "4"]
[White "Marelli, Emanuele"]
[Black "Cannavo', Giuseppe"]
[Result "1-0"]
[WhiteElo "1554"]
[BlackElo "1248"]
[PlyCount "55"]
[EventDate "2011.09.15"]

1. e4 e5 2. f4 exf4 3. Nf3 Nc6 4. Bc4 Qe7 5. Nc3 Nf6 6. d3 a6 7. a4 d6 8. Bxf4
Bg4 9. Be3 O-O-O 10. O-O h6 11. Qd2 Qd7 12. d4 Bxf3 13. Rxf3 Re8 14. Bd3 Qe7
15. Re1 Ng4 16. e5 dxe5 17. d5 Nb4 18. Bf5+ Kb8 19. Bxg4 Rd8 20. Qf2 f6 21.
Ba7+ Ka8 22. Be3 Nxd5 23. Rd1 c6 24. Ne4 Qb4 25. Bf5 Qxa4 26. b3 Qb4 27. c4 Nc7
28. Rxd8# 1-0

[Event "Open ASR"]
[Site "Roma ITA"]
[Date "2011.09.29"]
[Round "4"]
[White "Pardo, Paolo"]
[Black "Zarfati, Daniele"]
[Result "0-1"]
[WhiteElo "1748"]
[BlackElo "1577"]
[PlyCount "64"]
[EventDate "2011.09.15"]

1. e4 e6 2. d4 d5 3. Nd2 dxe4 4. Nxe4 Nf6 5. Nxf6+ Qxf6 6. Nf3 h6 7. Bd3 Bd6 8.
Be3 Nd7 9. a3 Rb8 10. Qe2 c5 11. Bb5 O-O 12. O-O Qe7 13. c4 b6 14. a4 Bb7 15.
a5 cxd4 16. Bxd4 Nc5 17. Bxc5 bxc5 18. a6 Ba8 19. Rfd1 Qc7 20. h3 Rb6 21. Rd3
Bc6 22. Rad1 Bxb5 23. cxb5 Qb8 24. Ne1 Be5 25. Nf3 Bf6 26. Rb3 Rc8 27. Rc1 Rxa6
28. Qe3 Ra2 29. Rc2 Qd6 30. Rd2 Bd4 31. Qd3 Ra1+ 32. Rd1 Rxd1+ 0-1

[Event "Open ASR"]
[Site "Roma ITA"]
[Date "2011.09.29"]
[Round "4"]
[White "Prudenzano, Ruggero"]
[Black "Tosi, Francesco"]
[Result "0-1"]
[WhiteElo "1927"]
[BlackElo "1910"]
[PlyCount "50"]
[EventDate "2011.09.15"]

1. Nf3 c5 2. c4 Nc6 3. Nc3 Nd4 4. e3 Nxf3+ 5. Qxf3 g6 6. b3 Bg7 7. Bb2 d6 8.
Be2 Nh6 9. h3 O-O 10. g4 Rb8 11. Rb1 e5 12. Qg3 f5 13. g5 f4 14. Qg2 Nf5 15. h4
Be6 16. Nd5 fxe3 17. dxe3 Qa5+ 18. Bc3 Qxa2 19. Rb2 Qa3 20. Kd2 Nd4 21. Bd1 b5
22. Rb1 bxc4 23. exd4 cxd4 24. Bb2 Qa5+ 25. Bc3 Qxd5 0-1

[Event "Open ASR"]
[Site "Roma ITA"]
[Date "2011.09.29"]
[Round "4"]
[White "Sacco, Davide"]
[Black "Bolla, Vittorio"]
[Result "0-1"]
[WhiteElo "1641"]
[BlackElo "1761"]
[PlyCount "90"]
[EventDate "2011.09.15"]

1. c4 c5 2. Nc3 Nc6 3. Nf3 g6 4. d4 Bg7 5. e3 d6 6. dxc5 Bxc3+ 7. bxc3 dxc5 8.
Qxd8+ Nxd8 9. Bd3 Nc6 10. Be4 Na5 11. Ba3 Nf6 12. Bd3 b6 13. e4 Nc6 14. h3 e5
15. O-O O-O 16. Rfe1 Re8 17. Rad1 Ba6 18. Bf1 Rad8 19. Rd2 Rxd2 20. Nxd2 Rd8
21. Bc1 Kg7 22. f3 Nh5 23. Kf2 Nf4 24. Re3 Bc8 25. a3 h5 26. Kg3 g5 27. Kf2 Kg6
28. Ke1 h4 29. Kd1 Be6 30. Kc2 Na5 31. Bb2 Bd7 32. Bc1 Ba4+ 33. Kb2 f6 34. Ka2
Nb3 35. Nxb3 Bxb3+ 36. Kxb3 Rd1 37. Be2 Rxc1 38. Bd3 Rg1 39. Ka4 Rxg2 40. Kb5
Rd2 41. Bf1 Rd1 42. Be2 Rh1 43. Ka6 Rxh3 44. Kxa7 Rh1 45. Bd3 h3 0-1

[Event "Open ASR"]
[Site "Roma ITA"]
[Date "2011.09.29"]
[Round "4"]
[White "Wollenweber, Carsten"]
[Black "Vuelban, Virgilio"]
[Result "0-1"]
[WhiteElo "2112"]
[BlackElo "2353"]
[PlyCount "72"]
[EventDate "2011.09.15"]

1. e4 e6 2. d4 d5 3. Nc3 Bb4 4. Nge2 Nf6 5. e5 Nfd7 6. Qd3 O-O 7. Qg3 Kh8 8.
Bg5 Be7 9. h4 c5 10. Bxe7 Qxe7 11. O-O-O Nc6 12. f4 b6 13. h5 Ba6 14. h6 g6 15.
Qf2 Rac8 16. g4 Rc7 17. Bg2 Bxe2 18. Nxe2 Rfc8 19. Kb1 Nxd4 20. Nxd4 cxd4 21.
Qxd4 Rc4 22. Qd2 g5 23. fxg5 Rxc2 24. Qxc2 Rxc2 25. Kxc2 Qxg5 26. Kb1 a5 27.
Bh3 Kg8 28. a3 Nxe5 29. Rc1 Kf8 30. Bf1 Qe3 31. Bb5 Ke7 32. Rhe1 Qg3 33. Rc7+
Kd6 34. Rec1 Qxg4 35. Be8 Qg6+ 36. Ka2 Qxh6 0-1

[Event "Open ASR"]
[Site "Roma ITA"]
[Date "2011.10.06"]
[Round "5"]
[White "Bolla, Vittorio"]
[Black "Fargnoli, Maurizio"]
[Result "1-0"]
[WhiteElo "1761"]
[BlackElo "1660"]
[PlyCount "109"]
[EventDate "2011.09.15"]

1. e4 d6 2. d4 Nf6 3. Nc3 Nbd7 4. Be3 e5 5. Qd2 Ng4 6. Bg5 Be7 7. Bxe7 Qxe7 8.
h3 exd4 9. Qxd4 Ngf6 10. O-O-O O-O 11. Bc4 Nc5 12. f3 Be6 13. g4 a6 14. Nge2 b5
15. Nd5 Qd8 16. Nxf6+ gxf6 17. Bxe6 fxe6 18. f4 Qe7 19. Rhg1 Kf7 20. g5 Rg8 21.
h4 fxg5 22. fxg5 e5 23. Rgf1+ Kg7 24. Qd5 Rgf8 25. Rf5 Rf7 26. Ng3 Raf8 27.
Rdf1 Qe6 28. Qxe6 Nxe6 29. Nh5+ Kg8 30. Kd2 Nd4 31. Rxf7 Rxf7 32. Rxf7 Kxf7 33.
Kc3 a5 34. Ng3 Nf3 35. Nf5 Ke6 36. Kd3 d5 37. Ng7+ Kf7 38. Nf5 c6 39. Ke3 Ne1
40. c3 Ke6 41. Ng7+ Kf7 42. exd5 cxd5 43. Nf5 Ke6 44. Ng7+ Kf7 45. Nf5 b4 46.
cxb4 Nc2+ 47. Kd2 Nxb4 48. a3 Nc6 49. h5 a4 50. Nd6+ Ke6 51. g6 h6 52. Nf7 Kf6
53. Nxh6 Nd4 54. Ng4+ Kf5 55. g7 1-0

[Event "Open ASR"]
[Site "Roma ITA"]
[Date "2011.10.06"]
[Round "5"]
[White "Condemi De Felice, Alfonso"]
[Black "Wollenweber, Carsten"]
[Result "1/2-1/2"]
[WhiteElo "1878"]
[BlackElo "2112"]
[PlyCount "33"]
[EventDate "2011.09.15"]

1. d4 b5 2. Nf3 Nf6 3. g3 Bb7 4. Bg2 e6 5. Bg5 c5 6. dxc5 Na6 7. Nc3 Qa5 8. a3
b4 9. axb4 Qxb4 10. c6 dxc6 11. Ne5 Nb8 12. Nd3 Qd6 13. Bf4 Qd8 14. Nb5 cxb5
15. Bxb7 Nbd7 16. Bxa8 Qxa8 17. Be3 1/2-1/2

[Event "Open ASR"]
[Site "Roma ITA"]
[Date "2011.10.06"]
[Round "5"]
[White "Di Dario, Dario"]
[Black "Marelli, Emanuele"]
[Result "1-0"]
[WhiteElo "1713"]
[BlackElo "1554"]
[PlyCount "91"]
[EventDate "2011.09.15"]

1. d4 Nf6 2. Nf3 g6 3. e3 d5 4. Nbd2 Bg7 5. Bd3 O-O 6. O-O e5 7. Nxe5 Qd6 8. f4
c5 9. c3 Nfd7 10. Ndf3 Nc6 11. Nxc6 bxc6 12. f5 cxd4 13. exd4 c5 14. Bg5 Ba6
15. fxg6 Bxd3 16. gxf7+ Rxf7 17. Qxd3 Raf8 18. Bh4 Qh6 19. Bg3 c4 20. Qe2 Nf6
21. Ne5 Re7 22. Rf5 Ne4 23. Rxf8+ Bxf8 24. Qf3 Rb7 25. Bf4 Qf6 26. Ng4 Qf5 27.
Nh6+ Bxh6 28. Bxh6 Qxf3 29. gxf3 Nd6 30. Rb1 Nb5 31. Re1 Kf7 32. Kf2 Nd6 33.
Re2 a5 34. a4 Rd7 35. Re5 Kg6 36. Bc1 Nf5 37. Re6+ Kh5 38. Ra6 Rf7 39. Rxa5 Nd6
40. Rxd5+ Nf5 41. a5 Kg6 42. Rc5 Nd6 43. Rc6 Rf6 44. Kg2 Kf5 45. a6 Rg6+ 46.
Kf2 1-0

[Event "Open ASR"]
[Site "Roma ITA"]
[Date "2011.10.06"]
[Round "5"]
[White "Milani, Patrizia"]
[Black "Federici, Giacomo"]
[Result "1-0"]
[WhiteElo "1434"]
[BlackElo "1236"]
[PlyCount "71"]
[EventDate "2011.09.15"]

1. c4 e5 2. Nc3 a6 3. Nf3 Nc6 4. g3 Bc5 5. Bg2 Nf6 6. e4 d6 7. O-O Bg4 8. Qa4
O-O 9. d3 Be6 10. Qd1 Nd4 11. Nxd4 Bxd4 12. Qd2 b5 13. Ne2 c5 14. Nxd4 cxd4 15.
b3 Rb8 16. Ba3 Qb6 17. Qb4 Ne8 18. c5 Qc6 19. Rac1 Qb7 20. cxd6 Qb6 21. Qc5
Qxc5 22. Bxc5 f6 23. b4 Rc8 24. h4 Rc6 25. f4 Nxd6 26. Bxd6 Rxd6 27. Rc5 Re8
28. Bf3 Rc8 29. Rxc8+ Bxc8 30. Rc1 Be6 31. a3 h6 32. f5 Bd7 33. Rc7 Kh7 34. Bh5
Kg8 35. Rb7 Kh7 36. Bg6+ 1-0

[Event "Open ASR"]
[Site "Roma ITA"]
[Date "2011.10.06"]
[Round "5"]
[White "Piatto, Maurizio"]
[Black "Pardo, Paolo"]
[Result "0-1"]
[WhiteElo "1522"]
[BlackElo "1748"]
[PlyCount "95"]
[EventDate "2011.09.15"]

1. e4 c5 2. c3 Nf6 3. e5 Nd5 4. d4 cxd4 5. cxd4 Nc6 6. Bc4 Nb6 7. Bb5 a6 8.
Bxc6 dxc6 9. Nf3 Bg4 10. Be3 e6 11. O-O Be7 12. Nbd2 O-O 13. h3 Bh5 14. Rc1 Nd5
15. Ne4 Nxe3 16. fxe3 Bg6 17. Nc3 f6 18. Qb3 Qd7 19. Na4 Rab8 20. Rfd1 Qd5 21.
Qxd5 exd5 22. Nc5 Rfe8 23. Nd7 Rbd8 24. exf6 gxf6 25. Nc5 Bxc5 26. dxc5 Rxe3
27. Kf2 Rde8 28. Re1 Rxe1 29. Rxe1 Rxe1 30. Kxe1 Kf7 31. Kd2 Ke6 32. Nd4+ Ke5
33. Nb3 Bf5 34. Ke3 Bc8 35. Nd4 f5 36. Nf3+ Kf6 37. Kd4 f4 38. a3 Bf5 39. Kc3
Be4 40. b4 Bxf3 41. gxf3 Ke5 42. Kd3 h5 43. h4 Ke6 44. Kd4 Kf5 45. a4 Ke6 46.
Kd3 Ke5 47. Kc3 Ke6 48. Kd2 0-1

[Event "Open ASR"]
[Site "Roma ITA"]
[Date "2011.10.06"]
[Round "5"]
[White "Prudenzano, Ruggero"]
[Black "Lami, Damiano"]
[Result "1-0"]
[WhiteElo "1927"]
[BlackElo "1716"]
[PlyCount "95"]
[EventDate "2011.09.15"]

1. e4 e5 2. f4 exf4 3. Nf3 d6 4. Bc4 Be6 5. Bb3 Bxb3 6. axb3 Ne7 7. d4 Ng6 8.
O-O Nd7 9. Nc3 c6 10. Ne2 Be7 11. Nxf4 O-O 12. Nh5 Nf6 13. Ng3 Re8 14. Qd3 Bf8
15. Bg5 h6 16. Bxf6 Qxf6 17. Ra5 c5 18. c3 b6 19. Raa1 Nf4 20. Qd2 g5 21. Nh4
Qe6 22. Rxf4 gxf4 23. Qxf4 Bg7 24. Nhf5 Qg6 25. Nxd6 Re6 26. e5 f6 27. Qf3 Rf8
28. Qd5 fxe5 29. dxc5 bxc5 30. Nde4 Kh8 31. Rxa7 Ra6 32. Qxc5 Ra8 33. Rxa8+
Rxa8 34. h3 h5 35. Qe7 Ra1+ 36. Kh2 Re1 37. Qh4 Re3 38. b4 Re1 39. Qd8+ Kh7 40.
Qh4 Kh6 41. Nxh5 Qxh5 42. Qxe1 Bf8 43. c4 Qf7 44. Qh4+ Kg7 45. Qg5+ Kh7 46. c5
Bg7 47. c6 Kg8 48. Qd8+ 1-0

[Event "Open ASR"]
[Site "Roma ITA"]
[Date "2011.10.06"]
[Round "5"]
[White "Quimi, Marco"]
[Black "Dietrich, Stefano"]
[Result "1-0"]
[WhiteElo "2188"]
[BlackElo "1880"]
[PlyCount "111"]
[EventDate "2011.09.15"]

1. e4 c5 2. Nc3 g6 3. f4 d6 4. Bc4 Bg7 5. Nf3 e6 6. O-O Ne7 7. d3 O-O 8. Qe1 d5
9. Bb3 Nbc6 10. f5 d4 11. fxe6 dxc3 12. exf7+ Kh8 13. bxc3 Na5 14. Qh4 Nxb3 15.
Bg5 Rxf7 16. Bxe7 Rxe7 17. Ng5 Qg8 18. axb3 Bxc3 19. Rad1 Bd7 20. Rf3 Rf8 21.
Rdf1 Rxf3 22. Rxf3 Bd2 23. Nxh7 Rxh7 24. Qf6+ Rg7 25. Qh4+ Qh7 26. Rf8+ Rg8 27.
Rxg8+ Kxg8 28. Qd8+ Kg7 29. Qxd7+ Kg8 30. Qc8+ Kg7 31. Qxc5 Qh4 32. g3 Qg4 33.
Kf2 Qh3 34. Kg1 Qg4 35. Kg2 Qe2+ 36. Qf2 Qxf2+ 37. Kxf2 Bc3 38. Ke3 b5 39. d4
a5 40. Kd3 Bb4 41. c4 bxc4+ 42. Kxc4 g5 43. Kd5 g4 44. e5 Kf7 45. Ke4 Ke6 46.
d5+ Kd7 47. Kf5 Bc3 48. e6+ Ke7 49. Kxg4 Be5 50. h4 Bd6 51. Kf5 Kf8 52. g4 Kg7
53. g5 Bc5 54. h5 Bd6 55. h6+ Kh7 56. Kf6 1-0

[Event "Open ASR"]
[Site "Roma ITA"]
[Date "2011.10.06"]
[Round "5"]
[White "Ricci, Stefano"]
[Black "Valenti, Marco"]
[Result "1-0"]
[WhiteElo "1792"]
[BlackElo "1685"]
[PlyCount "124"]
[EventDate "2011.09.15"]

1. e4 e5 2. Nf3 Nc6 3. Bb5 a6 4. Ba4 Nf6 5. O-O Nxe4 6. Re1 Nc5 7. Bxc6 bxc6 8.
Nxe5 Be7 9. d4 Ne6 10. b3 O-O 11. Bb2 Bb7 12. c4 d6 13. Ng4 Re8 14. Nd2 d5 15.
Nf3 Bb4 16. Re2 Nf4 17. Rxe8+ Qxe8 18. Ne3 Qe4 19. c5 Nd3 20. Qe2 Nxb2 21. Qxb2
Qd3 22. Ne5 Qd2 23. Qxd2 Bxd2 24. Nf5 Re8 25. Rd1 Bf4 26. Nd3 Bg5 27. f4 Bd8
28. Re1 Rxe1+ 29. Nxe1 Bc8 30. Ne3 a5 31. Nd3 f6 32. g4 Ba6 33. Nc1 g6 34. h4
Kg7 35. Kf2 h6 36. a4 Kf7 37. Nc2 h5 38. g5 fxg5 39. fxg5 Ke6 40. Ne3 Be7 41.
Kf3 Bf8 42. Kf4 Bg7 43. Nc2 Bf1 44. b4 axb4 45. Nb3 Bc4 46. a5 Kd7 47. Nca1 Kc8
48. Ke3 Kb7 49. Nd2 Ka6 50. Nab3 Bh8 51. Kf2 Bg7 52. Ke1 Bd3 53. Kd1 Kb5 54.
Nc1 Bc4 55. Ncb3 Ka6 56. Kc2 Bh8 57. Nf3 Kb7 58. Ne5 Bxe5 59. dxe5 Kc8 60. Nd4
Kd7 61. e6+ Ke8 62. Kd2 Bb5 1-0

[Event "Open ASR"]
[Site "Roma ITA"]
[Date "2011.10.06"]
[Round "5"]
[White "Vuelban, Virgilio"]
[Black "Tosi, Francesco"]
[Result "1-0"]
[WhiteElo "2353"]
[BlackElo "1910"]
[PlyCount "75"]
[EventDate "2011.09.15"]

1. e4 c5 2. Nf3 Nf6 3. Nc3 d6 4. d4 cxd4 5. Nxd4 Bd7 6. Be2 e5 7. Nb3 Bc6 8.
Bf3 Be7 9. Be3 a5 10. a4 Na6 11. O-O O-O 12. Qe2 Nb4 13. Rfd1 Qc7 14. Rd2 b6
15. Nb5 Bxb5 16. Qxb5 Nd7 17. Bg4 Nc5 18. Nxc5 bxc5 19. c3 Rab8 20. Qc4 Nc6 21.
g3 Rb6 22. Qa2 Rfb8 23. Rc1 Rd8 24. Be2 h6 25. Bc4 Bg5 26. Re1 Qe7 27. h4 Bf6
28. Red1 Qc7 29. Bd5 Nb8 30. Qc4 Qe7 31. Bxc5 Rc8 32. Bxf7+ Kh7 33. Bxd6 Rxc4
34. Bxe7 Rxa4 35. Ba3 Rxe4 36. h5 Bg5 37. Rd6 Rxd6 38. Bxd6 1-0